|
|
|
|
| LEADER |
00000nam0a2200000 4500 |
| 001 |
122922 |
| 005 |
20231101215756.0 |
| 010 |
|
|
|a 9785756704488
|
| 035 |
|
|
|a (RuTPU)RU\TPU\book\133072
|
| 090 |
|
|
|a 122922
|
| 100 |
|
|
|a 20071010d2007 m y0rusy50 ca
|
| 101 |
0 |
|
|a rus
|
| 102 |
|
|
|a RU
|
| 105 |
|
|
|a a j 001zy
|
| 200 |
1 |
|
|a Социология СМИ
|e учебное пособие для вузов
|f И. Д. Фомичева
|
| 210 |
|
|
|a Москва
|c Аспект Пресс
|d 2007
|
| 215 |
|
|
|a 335 с.
|c ил.
|
| 320 |
|
|
|a Примечания в конце глав.
|
| 330 |
|
|
|a В книге рассматриваются специфика СМИ как вида социальных коммуникаций, их роль в обществе, в том числе в обмене капиталами разных видов, а также история, методы, направления и результаты эмпирических исследований в этой сфере. Предназначено для высших учебных заведений, готовящих журналистов и специалистов смежных профессий. Может быть полезен студентам, аспирантам, преподавателям и практикам массмедиа.
|
| 606 |
1 |
|
|a Массовые коммуникации
|x Социология
|2 stltpush
|3 (RuTPU)RU\TPU\subj\37634
|9 58516
|
| 610 |
1 |
|
|a социология
|
| 610 |
1 |
|
|a средства массовой информации
|
| 610 |
1 |
|
|a СМИ
|
| 610 |
1 |
|
|a журналистика
|
| 610 |
1 |
|
|a средства массовой коммуникации
|
| 610 |
1 |
|
|a коммуникативная функция
|
| 610 |
1 |
|
|a информационные функции
|
| 610 |
1 |
|
|a история
|
| 610 |
1 |
|
|a эмпирические исследования
|
| 610 |
1 |
|
|a контент-анализ
|
| 610 |
1 |
|
|a эффекты
|
| 610 |
1 |
|
|a учебные пособия
|
| 686 |
|
|
|a С55.57я73
|v LBC/SL-A
|2 rubbk
|
| 700 |
|
1 |
|a Фомичева
|b И. Д.
|g Ирина Дмитриевна
|
| 801 |
|
1 |
|a RU
|b 63413507
|c 20071010
|g PSBO
|
| 801 |
|
2 |
|a RU
|b 63413507
|c 20150827
|g PSBO
|
| 900 |
|
|
|a Журналистика
|
| 900 |
|
|
|a Социология массовой коммуникации
|
| 900 |
|
|
|a Социология общественного мнения
|
| 942 |
|
|
|c BK
|
| 951 |
|
|
|b 030600
|b 030601
|
| 959 |
|
|
|a 70/20071010
|d 2
|e 184,80
|f АНЛ:1
|f ЧЗГЛ:1
|
| 959 |
|
|
|a 99/20090924
|d 5
|e 0
|f УФ:5
|